Detalles MARC
| 000 -LIDER |
| fixed length control field |
00954nam a22002657a 4500 |
| 003 - IDENTIFICACDOR DE NÚMERO DE CONTROL |
| control field |
DO-SdBPM |
| 005 - DATE AND TIME OF LATEST TRANSACTION |
| control field |
20250527093245.0 |
| 008 - ELEMENTOS DE LONGITUD FIJA |
| fixed length control field |
161031b20uu xx 00| 0 spa d |
| 020 ## - ISBN |
| International Standard Book Number |
|
| 040 ## - FUENTE DE CATALOGACIÓN |
| Agencia que crea de manera original el registro |
DO-SdBPM |
| Idioma de catalogación |
spa |
| Agencia que realiza la transcripción |
BPMSU |
| 082 #4 - NÚMERO DE CLASIFICACIÓN DECIMAL DE DEWEY |
| Classification number |
362.29 |
| Item number |
C912L |
| Edition number |
22 |
| 245 00 - MENCIÓN DE TITULO |
| Título |
Crecer libre de drogas : |
| Subtítulo |
guía de prevención para los padres de familia/ |
| Mención de responsabilidad |
Katie Bell...[y otros] |
| 260 ## - PUBLICACIÓN, DISTRIBUCIÓN, ETC. (PIE DE IMPRENTA) |
| Lugar de publicación, distribución, etc |
Washington, D.C. : |
| Nombre del editor, distribuidor, etc. |
Departamento de Educación de los Estados Unidos Drogas |
| Fecha de publicación, distribución, etc |
[ 200-?] |
| 300 ## - DESCRIPCIÓN FÍSICA |
| Extensión |
52 p. ; |
| Dimensiones |
22 cm. |
| 500 ## - NOTA GENERAL |
| Nota general |
|
| 534 ## - NOTA SOBRE LA VERSIÓN ORIGINAL |
| Asiento principal del original |
Título original : |
| Mención del título original |
The creative family |
| 590 ## - NOTA LOCAL |
| Texto de la nota local |
Inventariado, 2025/VM |
| 650 #4 - ENCABEZAMIENTO DE MATERIA--TEMÁTICO |
| Término temático o nombre geográfico como elemento de entrada |
Prevención sobre abuso de drogas |
| Subdivisión de forma |
Guías. |
| 650 #4 - ENCABEZAMIENTO DE MATERIA--TEMÁTICO |
| Término temático o nombre geográfico como elemento de entrada |
Drogas |
| Subdivisión temática general |
Prevención |
| Subdivisión de forma |
Guías |
| 650 #4 - ENCABEZAMIENTO DE MATERIA--TEMÁTICO |
| Término temático o nombre geográfico como elemento de entrada |
Educación para la vida familiar |
| 650 #4 - ENCABEZAMIENTO DE MATERIA--TEMÁTICO |
| Término temático o nombre geográfico como elemento de entrada |
Juventud y drogas. |
| 710 2# - ASIENTO SECUNDARIO -- NOMBRE CORPORATIVO |
| Nombre corporativo o de jurisdicción |
Washington D.C. |
| Unidad subordinada |
Departamento de Educación de los Estados Unidos |
| 910 ## - VALIDACIÓN |
| Validación |
VMateo V. Control de calidad. BPMSU |
| 942 ## - ADDED ENTRY ELEMENTS (KOHA) |
| Source of classification or shelving scheme |
Dewey Decimal Classification |
| Koha item type |
Libros |